[Event "OHRA-B"]
[Site "Amsterdam"]
[Date "1989.??.??"]
[Round "?"]
[White "Gelfand, Boris"]
[Black "Polgar, Judit"]
[Result "1-0"]
[WhiteElo "2590"]
[BlackElo "2555"]
[Annotator "ChessBase"]
[PlyCount "84"]
[EventDate "1989.07.??"]
[EventType "swiss"]
[EventRounds "9"]
[EventCountry "NED"]
[SourceTitle "CBM 015"]
[Source "ChessBase"]
[SourceDate "1990.04.01"]
[SourceVersion "1"]
[SourceVersionDate "1990.04.01"]
[SourceQuality "1"]

1. d4 Nf6 2. Nf3 c5 3. d5 g6 4. Nc3 Bg7 5. e4 O-O 6. Be2 d6 7. O-O Na6 8. Re1
Nc7 9. Bf4 (9. a4 b6 10. Bf4) 9... a6 (9... b5 $1 10. Nxb5 (10. Bxb5 $2 Nh5)
10... Nxe4 11. Nxc7 Qxc7 12. Bc4 Nf6 13. Rb1 Re8 14. h3 a5 $10) 10. a4 Bd7 11.
e5 Nh5 12. Be3 dxe5 (12... b5 $6 13. Ng5 (13. Nh4 b4 (13... e6 $5 14. g3 $5)
14. Ne4 f5 15. Ng5 {/\ 16.Bxh5}) 13... h6 (13... b4 14. Nce4 f5 15. Bxh5 fxe4
16. e6 $16) 14. Nxf7 $1 Rxf7 15. e6 Nxe6 16. dxe6 Bxe6 17. Bxh5 gxh5 18. Qxh5
$40) 13. Bxc5 Nf4 14. Bf1 (14. Bc4 Bg4 15. h3 Bh5 $1 16. Kh2 (16. Ne4 Ncxd5 17.
Bxd5 Qxd5 (17... Bxf3 $2 18. Bxf7+ $1 Rxf7 19. Qxf3 $16) 18. Qxd5 Nxd5 19. g4
f5 $1) 16... Qd7 17. d6 Bxf3 $1 18. Qxf3 exd6 19. Rad1 Nce6 $1) 14... Bf5 (
14... Bg4 15. h3 Bxf3 16. Qxf3 Ncxd5 $3 17. Rad1 (17. Nxd5 Qxd5 18. Qxd5 Nxd5
19. c4 (19. Rad1 Rfc8 $1 20. Rxd5 e6 21. Rdxe5 Bxe5 22. Rxe5 f6) 19... Rfc8 20.
Ba3 Nb6) (17. g3 Nxc3 $6 (17... Ne6 $1) 18. gxf4 e4 19. Qe3 Nd5 20. Qxe4) 17...
Qc7 $1 18. Rxd5 Nxd5 19. Qxd5 Rfd8 20. Qc4 Rac8 21. b4 b6 22. Nd5 Rxd5 23. Qxd5
Rd8 (23... bxc5 $2 24. Bxa6 Rd8 25. Qxc5) (23... e6 24. Qe4 bxc5 25. Bxa6 Rb8 (
25... Rd8 26. Qb7 $5) 26. b5 {/\ 27.Qc6}) 24. Bxb6 $1 Qxb6 25. Qc5 Qxc5 26.
bxc5 Rc8 27. Bxa6 Rxc5 28. c4) 15. Nxe5 Ncxd5 16. Nxd5 Nxd5 (16... Qxd5 17.
Qxd5 Nxd5 18. c3 Rfc8 19. Ba3) 17. Ba3 $1 $16 (17. Bc4 Qc7 $3 18. Qxd5 Rad8)
17... Bf6 (17... Nb6 18. a5 Nc8 19. Nc4 $1 Qxd1 20. Raxd1 Bxc2 21. Rd7 $44) 18.
c3 $2 (18. Qf3 $1 Bxc2 19. Ng4 (19. Bc4 Nb6 20. Nxf7 $1 Qd4 21. Be6) 19... Re8
20. Nxf6+ Nxf6 21. Qxb7) 18... Nb6 19. a5 Nd7 20. Nf3 (20. Ng4 Bxg4 21. Qxg4
Ne5 22. Qe4 Nc6 23. Bc5 $1 Nxa5 $2 24. Qb4 Nc6 25. Qxb7) 20... Re8 21. Nd4 Ne5
(21... Qxa5 22. Nxf5 Qxf5 23. g4 $1) 22. Nxf5 gxf5 23. Qh5 e6 24. Re3 $6 (24.
Bc5 $5 Qd2 (24... Nd7 25. Rad1) 25. Re2) 24... Bg7 25. Rh3 h6 26. Rg3 (26. Bc5
Ng4 27. Be2 (27. f3 Nf6 28. Qh4 Qd2 29. Re1 $5) 27... Nf6 28. Qh4 Qd2) 26...
Qf6 27. Bc5 Ng6 $2 (27... f4 28. Rh3 Rad8 (28... Qg5 29. Qe2 $5 {/\ 30.Rh5})
29. Bd4 Qg5 (29... Rd5 30. Re1 $5) 30. Qe2 Nc6) 28. Bb6 (28. Rd1 Rad8 29. Bb6
$16) 28... e5 29. Bc4 Kh7 30. Rd1 Rac8 (30... Re7 31. Bd8 $2 (31. Bc5 Rc7 32.
Rd6 Qh4 33. Qxh4 Nxh4 34. b4) 31... Rxd8 32. Rxd8 Rc7) 31. Bb3 Re7 (31... e4
32. Bd4) (31... Nf4 32. Qf3 Qe7 33. Rxg7+ $1 Kxg7 34. g3 {/\ 35.Qxf5}) 32. Bd8
Rxd8 33. Rxd8 e4 34. Qd1 f4 {/\ 35.R?? e3} 35. Rd6 $1 Qe5 (35... fxg3 36. Rxf6
gxf2+ 37. Kxf2 Bxf6) 36. Bxf7 $1 Nf8 (36... fxg3 37. Bxg6+ Kg8 38. Qb3+) (36...
Nh4 37. Bg6+ Nxg6 38. Rgxg6 e3 39. fxe3 (39. Rxg7+ Kxg7 40. Qg4+ Qg5 41. Qxg5+
hxg5 42. Kf1) 39... Qxe3+ 40. Kf1) 37. Rxg7+ $1 Qxg7 38. Bc4 e3 39. fxe3 fxe3
40. Qf3 Nd7 41. Qf5+ Kh8 42. Qh5 (42. Rg6 Qh7 43. Rg8+ $4 Qxg8 44. Bxg8 e2)
42... Nf6 1-0

[Event "Bad Zwesten op 1st"]
[Site "Bad Zwesten"]
[Date "1997.??.??"]
[Round "7"]
[White "Dautov, Rustem"]
[Black "Miezis, Normunds"]
[Result "1-0"]
[WhiteElo "2590"]
[BlackElo "2555"]
[Annotator "Dautov,R"]
[PlyCount "51"]
[EventDate "1997.01.02"]
[EventType "swiss"]
[EventRounds "7"]
[EventCountry "GER"]
[SourceTitle "CBM 057"]
[Source "ChessBase"]
[SourceDate "1997.04.01"]
[SourceVersion "1"]
[SourceVersionDate "1997.04.01"]
[SourceQuality "1"]

1. d4 Nf6 2. Nf3 c5 3. d5 e6 4. Nc3 exd5 5. Nxd5 Nxd5 6. Qxd5 Be7 7. e4 Nc6 8.
Bc4 (8. Be2 O-O 9. O-O d6 10. c3 Be6 11. Qh5 h6 12. Rd1 $14 {Karpov,An-Topalov,
V/Dos Hermanas/1994}) 8... O-O 9. O-O d6 10. c3 (10. Qh5 Be6 11. Bxe6 fxe6 12.
Qg4 Rf6 $10) 10... Be6 (10... Bg4 11. Bf4 (11. Qd3 Kh8 {/\f5}) 11... Bxf3 12.
gxf3 $14 {><d6}) (10... Na5 11. Be2 Be6 12. Qh5 $14) 11. Qd3 Qd7 {N} (11... Kh8
12. Bf4 Qb6 13. Rab1 Rad8 14. Rfd1 Bg4 15. h3 Bh5 16. Rd2 Bg6 17. Re1 f5 $132 {
Stean,M-Sax,Gy/Smederevska Palanka 1982}) 12. Bf4 Rad8 13. Rad1 Kh8 (13... f5
14. Bxe6+ Qxe6 15. Qd5 Qxd5 16. exd5 Na5 17. Rfe1 Rfe8 (17... Bf6 18. Re6 Nc4
19. b3 Nb2 20. Rd2 Bxc3 21. Rc2 $16) 18. Re6 h6 19. Rde1 Kf7 20. h4 $14) (13...
Bxc4 14. Qxc4 Qe6 15. Rd5 $14 (15. Qd5 $14)) 14. Rfe1 $1 (14. Bd5 f5 15. Ng5
fxe4 16. Qxe4 Bxg5 17. Bxg5 Rde8 $132) 14... f5 $6 (14... h6 15. Bg3 f5 16.
Bxe6 Qxe6 17. Qd5 Qg6 18. exf5 (18. Nh4 Bxh4 19. Bxh4 Rde8 20. exf5 (20. Qxd6
Qh5 $13) 20... Rxe1+ 21. Rxe1 Rxf5 22. Qe6 Re5 $10) 18... Rxf5 19. Qb3 b6 20.
Re6 Rf6 21. Rde1 $14) 15. Ng5 $1 $16 Bxc4 (15... Bxg5 16. Bxg5 Rde8 (16... Ne5
$2 17. Bxe6 Qxe6 18. exf5 $18) 17. Bxe6 Qxe6 (17... Rxe6 $2 18. exf5 Rxe1+ 19.
Rxe1 $16) 18. Qxd6 Qxd6 (18... Qxa2 $2 19. exf5 $16) 19. Rxd6 fxe4 20. Rd5 b6
$16) 16. Qxc4 Bxg5 17. Bxg5 Rde8 $2 (17... Ne5 18. Qd5 Rde8 19. f4 Ng6 (19...
Nf7 20. e5 $16) 20. exf5 Rxe1+ 21. Rxe1 Rxf5 22. Qe6 Qxe6 23. Rxe6 d5 24. Rd6
$16) 18. Qxc5 Re5 19. Qxd6 Qxd6 20. Rxd6 $18 f4 21. Rd5 h6 22. Rxe5 Nxe5 23.
Be7 Re8 24. Bd6 Nd3 25. Re2 Nc1 (25... Rd8 26. Bc7 Rc8 27. Rd2 $18) 26. Rc2 1-0

[Event "EU-ch 2nd"]
[Site "Ohrid"]
[Date "2001.06.14"]
[Round "13"]
[White "Socko, Bartosz"]
[Black "Dautov, Rustem"]
[Result "0-1"]
[WhiteElo "2554"]
[BlackElo "2631"]
[Annotator "Dautov,R"]
[PlyCount "78"]
[EventDate "2001.06.01"]
[EventType "swiss"]
[EventRounds "13"]
[EventCountry "YUG"]
[SourceTitle "CBM 084"]
[Source "ChessBase"]
[SourceDate "2001.09.13"]
[SourceVersion "1"]
[SourceVersionDate "2001.09.13"]
[SourceQuality "1"]

1. e4 c5 2. Nf3 g6 {Diese Partie mußte ich unbedingt gewinnen, um das Play-Off
zu vermeiden. Für einen harten Kampf ist Sizilianisch besser geeignet als
Caro-Kann, was ich meistens spiele.} 3. d4 Bg7 4. d5 {Aus dem Sizilianer wird
eine Pirc-Variante! Ich rechnete eher mit schärferen Varianten wie 4.dxc5 oder
4.Sc3.} d6 5. Bc4 Nf6 6. Nc3 O-O 7. O-O (7. h3 $2 b5 $1) 7... Bg4 8. h3 Bxf3 9.
Qxf3 Nbd7 10. Qd1 Ne8 {Eine standardmäßige Überführung, der Springer wird von
c7 die Durchsetzung von b7-b5 unterstützen.} 11. Re1 a6 12. a4 b6 13. Ra3 Nc7
14. Rb3 {Alles pro und kontra b7-b5!} Re8 $5 {Ein guter Wartezug.} (14... Rb8
15. Qe2 Qc8 16. f4 $14 {gefiel mir nicht.}) ({, und} 14... b5 $6 {wäre zu früh,
die Folge} 15. axb5 Nb6 16. Bf1 $1 c4 17. Rb4 $1 a5 18. Rxc4 Nxc4 19. Bxc4 Rb8
20. Qd3 Qd7 21. Bd2 {ist für Weiß sehr günstig.}) 15. Bf4 {Weiß plant Bg3, f4
und e5.} ({Nach} 15. f4 {war bereits} b5 $1 {sehr stark -} 16. axb5 Nb6 17. Bf1
c4 18. Rb4 a5 19. Rxc4 Nxc4 20. Bxc4 Bxc3 21. bxc3 Nxb5 $1 $17) 15... Rb8 16.
Qe2 Qc8 17. Bg3 $2 {Der erste Fehler meines Gegners. In dieser Stellung sollte
er seine Läufer nicht gegen die schwarzen Springer abtauschen lassen.} ({
Korrekt war} 17. Qf1 $1 {, und nach} Ne5 18. Be2 e6 19. dxe6 fxe6 20. Rd1 Rd8 {
(ein zweiter Vorstoß, d6-d5 ist in Planung) bleibt die Stellung unklar.}) 17...
Ne5 18. f4 $2 {Bekannterweise kommt ein Fehler selten allein.} ({Das richtige} 
18. Bxe5 $1 Bxe5 19. Qd3 $1 {sah zwar nicht schön aus, hätte aber den Schaden
noch in Grenzen gehalten. Schwarz steht mit seinem starken Be5 sehr
komfortabel, kann aber kaum b6-b5 durchsetzen.}) 18... Nxc4 19. Qxc4 Qd7 $1 {
Nun ist b6-b5 nicht zu vermeiden.} (19... b5 $2 20. axb5 axb5 21. Nxb5 Rxb5 22.
Rxb5 Qa6 23. Rb4 $1 $11) 20. Qf1 (20. e5 $2 b5 21. axb5 axb5 22. Qe4 f5 $1 23.
Qf3 (23. e6 Qc8 24. Qf3 c4 $19) (23. exf6 exf6 24. Qf3 c4 25. Rxe8+ Nxe8 26.
Rb4 Qa7+ 27. Kh2 Qa5 $19) 23... c4 24. e6 Qc8 25. Rb4 Na6 26. Rxb5 Rxb5 27.
Nxb5 Qc5+ $19) 20... b5 21. axb5 axb5 22. Nd1 c4 23. Ra3 f5 $1 $17 {Ein
typischer Zug, der den vorgerückten Bauern d5 entwurzelt, und den Bg3 in
seiner Bewegungsfreiheit einschränkt.} 24. Qf2 {Der Bauernverlust läßt sich
nicht vermeiden.} (24. exf5 Qxf5 25. Ne3 Bd4 $17) 24... fxe4 25. Ra7 Qc8 26.
Qd2 Ra8 27. Rxa8 Qxa8 28. Ne3 {Weiß hofft auf das Gegenspiel mit f4-f5.} Rf8 $2
{Man sollte einfach den Bauern b2 nehmen.} (28... Bxb2 $1 29. c3 Qa3 30. Nd1
Bc1 $1 31. Qd4 Qc5 $19) 29. c3 Na6 $1 {Der Springer hat seine Aufgabe auf c7
erfüllt und wird auf einen schönen Posten d3 überführt.} 30. Rf1 $2 ({Zäher war
} 30. Nc2 $1 Nc5 31. Nb4) 30... Nc5 31. f5 Nd3 32. Qe2 {Weiß plant Qe2-g4xe4.}
(32. fxg6 hxg6 {war für ihn hoffnungslos.}) 32... Qc8 $1 33. Qg4 (33. fxg6 hxg6
$19) 33... Qc5 $19 34. Qxe4 Bh6 35. Qe6+ Kh8 36. Rf3 Rxf5 {Die Fesselung
entscheidet.} 37. Bf2 (37. Rxf5 Qxe3+ 38. Qxe3 Bxe3+ 39. Bf2 Bxf2+ $19) 37...
Rxf3 (37... Nxf2 $2 38. Rxf5) 38. gxf3 Nxf2 39. Qxe7 Qxe3 0-1

[Event "Bad Zwesten op 1st"]
[Site "Bad Zwesten"]
[Date "1997.??.??"]
[Round "3"]
[White "Dautov, Rustem"]
[Black "Tseitlin, Mark D"]
[Result "1-0"]
[WhiteElo "2590"]
[BlackElo "2505"]
[Annotator "Dautov,R"]
[PlyCount "49"]
[EventDate "1997.01.02"]
[EventType "swiss"]
[EventRounds "7"]
[EventCountry "GER"]
[SourceTitle "CBM 057"]
[Source "ChessBase"]
[SourceDate "1997.04.01"]
[SourceVersion "1"]
[SourceVersionDate "1997.04.01"]
[SourceQuality "1"]

1. d4 c5 2. d5 e6 3. Nc3 Nf6 4. e4 d6 (4... exd5 $2 5. e5 $16) 5. Bb5+ $5 (5.
Nf3) 5... Nbd7 (5... Bd7 6. dxe6 (6. a4 $5) 6... fxe6 7. Bxd7+ Nbxd7 8. Nf3 $14
) 6. dxe6 fxe6 7. e5 dxe5 8. Nf3 a6 9. Bc4 (9. Bxd7+ $6 Nxd7 $15 {/\b5}) 9...
Nb6 (9... Qe7 $6 10. a4 (10. O-O b5 11. Be2 Bb7 $13) 10... Nb6 11. Ba2 $16) 10.
Qxd8+ Kxd8 11. Nxe5 Ke8 $2 {N} (11... Bd6 12. Nf7+ Ke7 13. Nxd6 Kxd6 14. Bd3
Nbd5 15. Ne4+ $14 {Szabo-Guimard/Mar del Plata/1962}) (11... Ng4 12. Nxg4 Nxc4
13. Bg5+ Ke8 14. O-O-O Bd7 15. Rhe1 $16) (11... Nfd7 $2 12. Nf7+ Ke7 13. Nxh8
Nxc4 14. Bg5+ Ke8 15. O-O-O $18) (11... Nxc4 $1 12. Nxc4 b5 13. Nb6 Rb8 14.
Nxc8 Kxc8 15. Bf4 Rb6 16. O-O-O Be7 17. Rhe1 Rd8 $14) 12. Be2 Bd6 13. Bf4 $1 (
13. Nf3 Nbd5 14. Bd2 b5 15. O-O-O h6 16. Rhe1 Kf7 $10) 13... Nbd5 14. Nxd5 exd5
(14... Nxd5 15. Bg3 $16) 15. O-O-O $16 {@,עe8} Be6 16. Bf3 Rd8 (16... g5 $2
17. Bxg5 $1 Bxe5 18. Rhe1 Nd7 19. Bxd5 Bxd5 20. Rxd5 $18) (16... Bxe5 17. Bxe5
Rd8 18. Bxf6 gxf6 19. Rhe1 Kf7 20. Rd2 (20. Bh5+ Ke7 21. Bg4 Rd6) 20... Rhg8
21. Rde2 Bg4 22. Re7+ Kf8 23. Rxh7 Bxf3 24. gxf3 $16) 17. Rhe1 Bxe5 18. Rxe5
Kf7 19. Rde1 Rhe8 20. Bg5 $1 Rd6 $2 (20... h6 $2 21. Bxf6 Kxf6 (21... gxf6 22.
Bh5+) 22. Bxd5 $18) (20... Re7 $8 21. c4 (21. Bh5+ $5 g6 22. R1e3 Rd6 $1 $14)
21... dxc4 22. Bxf6 Kxf6 23. Bxb7 $16) 21. Bxf6 gxf6 22. R5e2 $18 Re7 23. Bh5+
Kg7 24. Bg4 Kf7 25. f4 1-0

[Event "NRW-Cup Masters op"]
[Site "Muenster"]
[Date "1997.10.11"]
[Round "3"]
[White "Dautov, Rustem"]
[Black "Mainka, Romuald"]
[Result "1-0"]
[WhiteElo "2590"]
[BlackElo "2480"]
[Annotator "Dautov,R"]
[PlyCount "89"]
[EventDate "1997.10.??"]
[EventType "swiss"]
[EventRounds "9"]
[EventCountry "GER"]
[SourceTitle "CBM 061"]
[Source "ChessBase"]
[SourceDate "1997.11.23"]
[SourceVersion "1"]
[SourceVersionDate "1997.11.23"]
[SourceQuality "1"]

1. d4 Nf6 2. Nf3 c5 3. d5 d6 4. Nc3 Qa5 5. Bd2 b5 6. Ne4 Qa4 $6 $146 (6... Qc7
7. Nxf6+ exf6 8. e4 a6 9. a4 $14) 7. Nxf6+ exf6 8. e3 Nd7 (8... a6 9. Bd3 Qg4 (
9... c4 $2 10. b3) (9... Bb7 10. e4 $16 {ףa4}) 10. h3 Qh5 11. c4 bxc4 12. Bxc4
Be7 (12... Qg6 $2 13. Qa4+ Bd7 14. Qa5 $16 {/\Qc7-b7}) 13. O-O O-O 14. b4 $14)
9. b3 (9. Bd3 $5 {/\b3} Rb8 (9... c4 $2 10. b3 Qa6 11. Be2 Nb6 12. Nd4 $16) 10.
b3 (10. O-O Qg4) 10... Qg4 11. h3 (11. O-O Ne5 $14) 11... Qh5 12. c4 bxc4 13.
bxc4 {/\g4} Ne5 14. Be2 $16) 9... Qe4 10. Bxb5 Qxd5 11. O-O (11. c4 Qb7 12. Ba5
Be7 13. Nh4 g6 (13... O-O 14. Nf5 Ne5 15. Nxe7+ Qxe7 16. O-O $16 {><d6}) 14.
Qf3 Qxf3 (14... Rb8 $2 15. O-O-O O-O 16. Qxb7 Rxb7 17. Bc6 Rb8 18. Bc7 $18) 15.
Nxf3 Bd8 $1 (15... Bb7 16. O-O-O $16) 16. Bxd8 Kxd8 17. O-O-O Kc7 $14) 11...
Qb7 12. Bd3 Be7 (12... Ne5 13. Nxe5 fxe5 14. c4 e4 15. Bc2 Be7 16. Bc3 O-O 17.
Qh5 {/\f3->}) 13. c4 Qc6 14. b4 Bb7 $2 (14... cxb4 15. Nd4 Qc7 (15... Qc5 16.
Qg4 g6 17. Qe4 d5 (17... Rb8 $2 18. Nc6 $18) 18. Qxd5 $16) (15... Qb6 16. Nf5
g6 (16... Nc5 17. Nxg7+ Kf8 18. Bf5 $16) 17. Nxe7 Kxe7 18. Rb1 $36) 16. Bxb4
Bb7 17. Nf5 $36) (14... a6 {>=} 15. a3 (15. a4 cxb4 16. Nd4 Qc7 17. Bxb4 Nc5
$11) 15... Bb7 16. e4 $14) 15. b5 Qc7 16. e4 O-O 17. a4 $16 Rfe8 18. a5 Bf8 19.
Re1 Rab8 20. Bc3 $6 (20. a6 $1 Ba8 21. Ba5 Nb6 (21... Qc8 22. Ra2 Be7 23. Rae2
Bd8 24. Bc3 $16 {/\Nd2-f1,f3,Ne3-d5}) 22. Ra2 Re6 23. Rae2 Rbe8 24. Nd2 $16 {
/\Nb1-c3-d5}) 20... Re6 21. Ra2 (21. Nd2 Rbe8 22. Re2 (22. f3 f5) 22... Ne5 23.
Bc2 f5 $132) 21... Rbe8 22. Rae2 g6 23. Nd2 (23. Qd2 h5 {/\Kh7,Bh6}) 23... Bh6
24. Nf1 Ne5 $132 25. f3 Qd8 (25... Qe7 $5) 26. Kh1 $6 (26. Ne3 $2 f5 27. Nd5 (
27. exf5 $2 Nxf3+) 27... fxe4 28. Rxe4 Bg7 $15) (26. Kf2 $1 Qe7 27. Ne3 Bxe3+ (
27... f5 $2 28. exf5 Qh4+ 29. Kf1 $16) (27... Nxd3+ 28. Qxd3 f5 $2 29. exf5
Bxe3+ 30. Rxe3 Qh4+ 31. Kg1 $16) 28. Rxe3 $14) 26... Bf4 $2 (26... Qe7 $1 $11 {
/\} 27. Ne3 $2 Nxd3 28. Qxd3 Bxe3 29. Rxe3 f5 30. e5 f6 $17) 27. Qc2 $6 $138 (
27. Ne3 $1 Bxe3 (27... Nxd3 28. Qxd3 f5 $2 29. exf5 Qh4 30. Nf1 gxf5 31. a6 Ba8
32. Qxf5 $16) (27... f5 $2 28. exf5 Qh4 29. Nf1 gxf5 (29... Nxf3 30. Rxe6 $1 (
30. fxe6 Nxh2 31. exf7+ $2 Kxf7 $17) 30... Rxe6 31. Rxe6 fxe6 32. gxf3 Qh3 33.
Be2 $18) 30. Bxf5 Rh6 (30... Rf6 31. Be4 $16) 31. h3 $16) 28. Rxe3 Nxd3 29.
Qxd3 Qe7 30. Bd2 $14) 27... Qe7 28. Bd2 Bxd2 29. Nxd2 Qd8 $2 (29... Nxd3 30.
Qxd3 f5 $11) 30. a6 Ba8 31. Qc3 h5 32. Bc2 h4 33. f4 Ng4 $2 (33... Nd7 34. Bd1
$5 (34. Bd3 h3 35. g3 f5 36. Kg1 fxe4 37. Nxe4 d5 $13) 34... f5 35. exf5 gxf5
$14) 34. h3 (34. f5 $1 gxf5 35. Qh3 Kg7 36. Kg1 $16 {/\ef5}) 34... Nh6 $138 35.
Nf3 $2 (35. Re3 $14) 35... Nf5 36. Kg1 Ng3 37. Re3 Bxe4 $2 (37... Nxe4 38. Bxe4
Bxe4 39. Nxh4 d5 40. cxd5 Qxd5 41. Rc1 Qd6 $15) 38. Nxh4 f5 $2 (38... Bxc2 $142
) 39. Nxg6 $1 $16 fxg6 40. Rxg3 Bxc2 41. Rxe6 Rxe6 42. Qxc2 $18 Kh7 43. Qd2 Qe7
44. Qd5 Kh6 45. Kh2 1-0

[Event "Pyramiden Franken Cup 4th"]
[Site "Fuerth"]
[Date "2001.08.23"]
[Round "6"]
[White "Doettling, Fabian"]
[Black "Bach, Matthias"]
[Result "1-0"]
[WhiteElo "2518"]
[BlackElo "2335"]
[Annotator "Doettling,F"]
[PlyCount "51"]
[EventDate "2001.08.18"]
[EventType "swiss"]
[EventRounds "9"]
[EventCountry "GER"]
[SourceTitle "EXT 2010"]
[Source "ChessBase"]
[SourceDate "2010.11.25"]
[SourceVersion "1"]
[SourceVersionDate "2010.11.25"]
[SourceQuality "1"]

1. d4 Nf6 2. Nf3 c5 3. d5 b5 4. Bg5 d6 {Der Zug ist eher ungewoehnlich.
Gebraeuchlicher ist Db6.} 5. Bxf6 gxf6 6. e4 Qb6 {A6 ist besser.} 7. Nbd2 f5 {
Oeffnet die Stellung, obwohl Schwarz noch nicht entwickelt ist.} 8. exf5 Bxf5
9. a4 b4 {Ba4: ist eine (bessere) Alternative.} 10. Bb5+ Nd7 $6 {Besser ist
Ld7.} 11. Nh4 Bg6 12. f4 e6 (12... f5 13. Nc4 Qc7 14. Qe2 O-O-O 15. Qe6 {
Schwarz verliert ohne Kompensation einen Bauern.}) 13. Qe2 {Es gibt viele
verlockende Fortsetzungen wie z.B. Sg6:, de6: oder Sc4. Der Textzug schraenkt
die schwarzen Moeglichkeiten wohl am besten ein.} O-O-O {Einziger Zug.} 14.
Nxg6 hxg6 15. dxe6 fxe6 {Auf Sf6 spielt Weiss am besten 0-0-0 und nicht e7.} (
15... Nf6 16. O-O-O) 16. Qxe6 d5 {Der einzige Zug, der Verwicklungen stiftet.}
17. Qxd5 Nb8 18. Qe5 Rh5 19. Qe2 $6 {Besser De3, weil danach der Bauer f4
gedeckt ist.} Bg7 20. O-O-O a6 21. Bc4 {Sc4 geht vermutlich auch.} Kb7 22. Nf3
Qf6 23. Qe4+ Kc7 24. Ne5 Bh6 {Der vorletzte Fehler. Droht zwar Te5:, aber
stellt den g6 Bauern ein.} (24... Rxd1+ 25. Rxd1 Rxh2 26. Be2 g5 27. g3 gxf4
28. Bf3 $18) 25. Nxg6 Rg8 $4 {Lieber ein Ende mit Schrecken, als ein Schrecken
ohne Ende.} 26. Bxg8 1-0

[Event "Moscow International-B"]
[Site "Moscow"]
[Date "1985.04.??"]
[Round "?"]
[White "Dreev, Alexey"]
[Black "Kaidanov, Gregory S"]
[Result "1-0"]
[WhiteElo "2395"]
[BlackElo "2415"]
[Annotator "Dolmatov,S"]
[PlyCount "83"]
[EventDate "1985.04.12"]
[EventType "tourn"]
[EventRounds "13"]
[EventCountry "URS"]
[EventCategory "8"]
[SourceTitle "MCL"]
[Source "ChessBase"]
[SourceDate "1999.07.01"]
[SourceVersion "1"]
[SourceVersionDate "1999.07.01"]
[SourceQuality "1"]

1. d4 Nf6 2. Nf3 c5 3. d5 e6 4. Nc3 exd5 5. Nxd5 Nxd5 6. Qxd5 Nc6 7. Bg5 (7. e4
$5 d6 8. Bc4 Be6 9. Qd3 Be7 10. c3 $14) 7... Be7 8. O-O-O Nb4 (8... O-O 9. a3
h6 (9... b5 $2 10. e3 Rb8 11. Bd3 c4 12. Bxh7+ $18 {Shereshevsky,M-Gusev,Y/URS/
1977/ Inf 25/100}) 10. Be3 $14) 9. Bxe7 Qxe7 10. Qb3 d6 11. e4 O-O (11... Be6
12. Bb5+ $14) 12. a3 Nc6 13. Qd5 Rd8 14. Qh5 g6 (14... Be6 15. Ng5 h6 16. Nxe6
(16. h4 Ne5) 16... fxe6 $132) 15. Qh6 Ne5 16. Nxe5 (16. Ng5 $2 f6 $15) 16...
Qxe5 (16... dxe5 $2 17. Rxd8+ Qxd8 18. Bc4 $14 Qd4 $2 19. Rd1 $18) 17. Bd3 Be6
18. f4 Qg7 19. Qxg7+ Kxg7 $10 20. f5 gxf5 21. exf5 Bd5 22. Bb5 Be4 $2 (22...
Bc6 23. Bxc6 bxc6 24. Rhe1 Kf6 25. g4 h6 26. Re3 d5 27. Rc3 c4 28. b3 Kg5 $10)
(22... a6 $5) 23. Rhe1 $1 Bxf5 24. Re7 Kf8 $6 (24... d5 $32 25. Rxb7 Be6 $14)
25. Rxb7 Be4 26. Rc7 Bxg2 27. Rd2 Be4 28. Bd3 $1 $16 Bf3 (28... Bxd3 29. Rxd3
$16) 29. Bc4 d5 30. Rf2 Rac8 (30... Bh5 31. Rf5 $16) 31. Rxa7 Bh5 32. Rf5 Bg6
33. Rxd5 $18 Re8 34. b3 Re1+ 35. Kb2 Re3 (35... Rh1 36. Rd2 $18 {/\ Rf2}) 36.
a4 Rf3 37. Rd2 Rf4 38. a5 Rb8 39. Bd5 c4 40. Ra8 Rxa8 41. Bxa8 cxb3 42. cxb3
1-0